| 000 | 02299nam0a2200397 4500 | ||
|---|---|---|---|
| 001 | RU\NLR\BIBL_A\012620662 | ||
| 005 | 20250624091518.0 | ||
| 010 |
_a978-5-89421-229-6 _9100 |
||
| 035 | _a(NLR Aleph) 012620662 | ||
| 090 |
_a12637738 _c12637738 |
||
| 100 | _a20211014d2021 |||y0rusy50 ca | ||
| 101 | 0 | _arus | |
| 102 | _aRU | ||
| 105 | _ac|||a|||000zb | ||
| 181 | 0 |
_ai3 _bab2e |
|
| 182 | 0 | _an | |
| 200 | 1 |
_aНаучно-практическое наследие _eматериалы для биографии А.Ф. Реброва _fА.Ф. Ребров _gавтор предисловия: Ю.Ю. Клычников _gКисловодский историко-краеведческий музей "Крепость" |
|
| 203 |
_aТекст _bвизуальный _cнепосредственный |
||
| 210 |
_aКисловодск _cСеверокавказское издательство "МИЛ" _d2021 |
||
| 215 |
_a282, [2] с. _cпортр. _d21 |
||
| 309 | _aНа тит. л.: Вып. 2. На обороте тит. с. в аннот.: "Материалы для биографии А.Ф. Реброва. Вып. 1: Третьи Ребровские музейно-краеведческие чтения, 17-18 февраля 2011 г." (Кисловодск, 2012) | ||
| 320 | _aБиблиогр. в подстроч. примеч. | ||
| 320 | _aМатериалы о жизни и деятельности А.Ф. Реброва: библиогр. указ. / И.А. Лачинов, Б.М. Розенфельд: с. 256-280 | ||
| 600 | 1 |
_aРебров _bА.Ф. _f1776 - 1862 _gАлексей Федорович _92492107 _3RU\NLR\AUTH\6601694640 |
|
| 606 | 1 |
_aШелковая промышленность _yРоссия _91947831 _3RU\NLR\AUTH\661178456 |
|
| 606 | 1 |
_aВинодельческая промышленность _yРоссия _92492102 _3RU\NLR\AUTH\6601694638 |
|
| 686 | 1 | _aУ32(28) | |
| 686 | 2 | _aУ30(28)645.14 | |
| 686 | 2 | _aУ30(28)675.25 | |
| 700 | 1 |
_aРебров _bА.Ф. _f1776-1862 _gАлексей Федорович |
|
| 942 | _cBOOK | ||
| 980 | _aNB | ||